عرض عادي
عرض مارك
- Peden, Carol.
مدخل إسم شخص
001 - رقم الضبط
- حقل الضبط: 14109
003 - معرف رقم الضبط
- حقل الضبط: OSt
005 - تاريخ ووقت أخر عملية
- حقل الضبط: 20120517024411.0
008 - عناصر بيانات ثابتة الطول
- حقل تحكم ثابت الطول: 120517|||a|||||| | ||| d
040 ## - مصدر الفهرسة
- هيئة الفهرسة الأصلية: OSt
- وكالة الكتابة: OSt
100 ## - مدخل -- أسم شخص
- إسم شخص: Peden, Carol.
670 ## - بيانات المصدر موجوده
- الاستشهاد بالمصدر: Work cat.: (OSt)23963: Hopkins, Richard, 1967- 14108, Radiology for anaesthesia and intensive care /, 2010.
